000 00289nam a2200109Ia 4500
008 230312s9999||||xx |||||||||||||| ||und||
082 _a629.22
_bLAM-S
100 _aLampen;Stephen
245 0 _aPocket refernce audio video cable installer,s
650 _aEngineering
_vMechanics
942 _cBK
999 _c12312
_d12312